| 000 | 00534nam a22001937a 4500 | ||
|---|---|---|---|
| 003 | CEME | ||
| 005 | 20210628202327.0 | ||
| 008 | 210302b xxu||||| |||| 00| 0 eng d | ||
| 020 | _a0-471-36583-1 | ||
| 040 | _c. | ||
| 082 | _a621.3192 BAS | ||
| 100 |
_aJohnson, Johnny.R Scott, Petter.D Hilburn, John.L _959352 |
||
| 245 | _aBasic electric circuit analysis | ||
| 250 | _a5TH | ||
| 260 |
_aNEW YORK _bJOHN WILEY _c1995 |
||
| 300 | _aXII,763P | ||
| 650 |
_aELECTRIC CIRCUIT ANALYSIS; CIRCUIT ANALYSIS _959353 |
||
| 942 |
_cBK _2ddc |
||
| 999 |
_c569360 _d569360 |
||